Statistics for Alone Alan Walker

Click here to take the quiz!

General Stats

  • This quiz has been taken 62 times
  • The average score is 4 of 5

Answer Stats

Song peiceAnswer% Correct
I know i'm not ______Alone
100%
Lost in ____ mindYour
84%
Unconscious _____Mind
62%
I _____ knowWanna
54%
Gonna feel ______ last timeOne
50%

Score Distribution

Percentile by Number Answered

Percent of People with Each Score

Your Score History

You have not taken this quiz